书目信息 |
| 题名: |
政治与行政
|
|
| 作者: | 古德诺 著 ;王元 译 | |
| 分册: | ||
| 出版信息: | 北京 华夏出版社 1987 |
|
| 页数: | 139页 | |
| 开本: | 20cm | |
| 丛书名: | 二十世纪文库 | |
| 单 册: | ||
| 中图分类: | C5 | |
| 科图分类: | ||
| 主题词: | 社会科学--丛书 , 社会科学--文集 , 社会科学--连续出版物 | |
| 电子资源: | ||
| ISBN: | 7-80053-038-8 | |
| 000 | 00784nam2 2200277 45 | |
| 001 | 0187001142 | |
| 005 | 20050614165120.3 | |
| 010 | @a7-80053-038-8@dCNY1.55 | |
| 100 | @a19900830d1987 kemy0chiy0121 ea | |
| 101 | 1 | @achi@ceng |
| 102 | @aCN@b110000 | |
| 105 | @ay z 000yy | |
| 200 | 10 | @a政治与行政@Azheng zhi yu xing zheng@f(美)F·J·古德诺著@F(Mei)F·J·GuDe Nuo Zhu@g王元译 |
| 210 | @a北京@c华夏出版社@d1987 | |
| 215 | @a139页@d20cm | |
| 225 | 2 | @a二十世纪文库 |
| 410 | 0 | @120010@a二十世纪文库 |
| 606 | 0 | @a社会科学@x丛书 |
| 606 | 0 | @a社会科学@x文集 |
| 606 | 0 | @a社会科学@x连续出版物 |
| 690 | @aC5@v3 | |
| 701 | 0 | @a古德诺@4著 |
| 702 | 0 | @a王元@Awang yuan@4译 |
| 801 | 0 | @aCN@b深圳图书馆@c20040506 |
| 801 | 2 | @aCN@bNLC@c20040506 |
| 905 | @dC5@e40:2@b201919@f1 | |
| 政治与行政/(美)F·J·古德诺著/王元译.-北京:华夏出版社,1987 |
| 139页;20cm.-(二十世纪文库) |
| ISBN 7-80053-038-8:CNY1.55 |
| ● |
| 相关链接 |
|
|
|
|
正题名:政治与行政
索取号:C5/40:2
 
预约/预借
| 序号 | 登录号 | 条形码 | 馆藏地/架位号 | 状态 | 备注 |
| 1 | 0201917 | 001120584 | 密集书库/ [索取号:C5/40:2] | 在馆 | |
| 2 | 0201918 | 001120593 | 密集书库/ [索取号:C5/40:2] | 在馆 | |
| 3 | 0201919 | 202109538 | 第一样本阅览室/ [索取号:C5/40:2] | 在馆 |